| 000 | 00417 a2200169 4500 | ||
|---|---|---|---|
| 001 | 066167 | ||
| 003 | OSt | ||
| 005 | 20210915144812.0 | ||
| 008 | |||
| 082 |
_a515.7 _bY83F |
||
| 100 | 1 | _aYosida, Kosaku | |
| 245 | 1 |
_aFunctional analysis _cby Kosaku Yosida |
|
| 260 |
_aNew York _bSpringer _c2008 |
||
| 300 | _a500p. | ||
| 690 | _aFunctional analysis; Mathematics | ||
| 942 |
_2ddc _cBK |
||
| 999 |
_c348 _d348 |
||